Boletín del Centro de Cálculo de la Universidad de Madrid / (Record no. 185607)
[ view plain ]
| 000 -LEADER | |
|---|---|
| campo de control de longitud fija | 00997nas a2200241 i 4500 |
| 001 - NÚMERO DE CONTROL | |
| campo de control | 185607 |
| 003 - IDENTIFICADOR DE NÚMERO DE CONTROL | |
| campo de control | ES-MaACL |
| 005 - FECHA Y HORA DE LA ÚLTIMA TRANSACCIÓN | |
| campo de control | 20250217134918.0 |
| 008 - DATOS DE LONGITUD FIJA--INFORMACIÓN GENERAL | |
| campo de control de longitud fija | 160727d19681981sp m| | ||pa d |
| 245 00 - MENCIÓN DEL TÍTULO | |
| Título | Boletín del Centro de Cálculo de la Universidad de Madrid / |
| Mención de responsabilidad, etc. | [director, Ernesto García Camarero]. |
| 260 ## - PUBLICACIÓN, DISTRIBUCIÓN, ETC. | |
| Lugar de publicación, distribución, etc. | Madrid : |
| Nombre del editor, distribuidor, etc. | Centro de Cálculo de la Universidad de Madrid, |
| Fecha de publicación, distribución, etc. | 1968-1981. |
| 300 ## - DESCRIPCIÓN FÍSICA | |
| Extensión | 11 v. : |
| Otras características físicas | il. ; |
| Dimensiones | 27 y 24 cm. |
| 310 ## - PERIODICIDAD ACTUAL | |
| Periodicidad actual | Irregular |
| 321 ## - PERIODICIDAD ANTERIOR | |
| Periodicidad anterior | Mensual |
| 362 0# - FECHAS DE PUBLICACIÓN Y/O DESIGNACIÓN SECUENCIAL | |
| Fecha de publicación y/o designación secuencial | Nº 1 (diciembre 1968)-Nº 39 (diciembre 1981) |
| 650 04 - PUNTO DE ACCESO ADICIONAL DE MATERIA--TÉRMINO DE MATERIA | |
| Término de materia o nombre geográfico como elemento de entrada | Informática. |
| 9 (RLIN) | 13758 |
| 650 #4 - PUNTO DE ACCESO ADICIONAL DE MATERIA--TÉRMINO DE MATERIA | |
| Término de materia o nombre geográfico como elemento de entrada | Cálculo- |
| Subdivisión general | Proceso de datos. |
| 9 (RLIN) | 160215 |
| 700 1# - ENTRADA AGREGADA--NOMBRE PERSONAL | |
| Nombre de persona | García Camarero, Ernesto, |
| Fechas asociadas al nombre | 1932-2022 |
| 9 (RLIN) | 54320 |
| 710 2# - ENTRADA AGREGADA--NOMBRE DE ENTIDAD CORPORATIVA | |
| Nombre de entidad corporativa o nombre de jurisdicción como elemento de entrada | Universidad Complutense de Madrid. |
| Unidad subordinada | Centro de Cálculo. |
| 9 (RLIN) | 156458 |
| 852 ## - LOCALIZACIÓN | |
| Ubicación | ES-MaACL |
| Número de control de estantería | HEM-A-25 |
| Nota libre | . - Donat. Ernesto García Camarero |
| -- | . - Dedicatoria autógrafa de Ernesto García Camarero |
| 866 #0 - MENCIÓN TEXTUAL DE FONDOS--UNIDAD BIBLIOGRÁFICA BÁSICA | |
| Fondos | 1968-1981 (falta nº 32 de 1978) |
| Estatus retirado | Estado de pérdida | Estado de daño | No para préstamo | Colección | Biblioteca de origen | Biblioteca actual | Ubicación en estantería | Fecha de adquisición | Fuente de adquisición | Total de préstamos | Signatura topográfica completa | Código de barras | Visto por última vez | Precio de reemplazo | Tipo de ítem Koha |
|---|---|---|---|---|---|---|---|---|---|---|---|---|---|---|---|
| Periódicos y Revistas | Biblioteca del Ateneo de Madrid | Biblioteca del Ateneo de Madrid | Depósito 1 | 08/08/2016 | HEM-A-25 | 1195838 | 23/02/2023 | 23/02/2023 | Revista |
